000 00704nam a2200217Ii 4500
003 JO-AjNU
008 230605s9999||||xx |||||||||||||| ||und||
017 _a2006/1724
020 _a977-5433-97-5
040 _aJO-AjNU
_bara
_erda
_cJO-AjNU
041 _aara
050 1 4 _aHD49.M8748.2006
100 3 _aالمرسي،جمال الدين,
_eauthor
_932775
245 0 0 _aادارة الازمات البيعية والتسويقية
264 3 1 _aالاسكندرية:الدار الجامعية،2006
300 _a93ص
336 _atext
_btxt
_2rdacontent
337 _aunmediated
_bn
_2rdamedia
338 _avolume
_bnc
_2rdacarrier
650 4 _aالادارة-التسويق-ازمات
_932776
999 _aA13270
_c16838
_d16838